| 000 | 00579cam a2200205 u 4500 | ||
|---|---|---|---|
| 005 | 20240306144752.0 | ||
| 008 | 190205s2009 |uka ar 000 0 spa d | ||
| 020 | _a9781409501862 | ||
| 035 | _aUPN01000228802 | ||
| 040 |
_aMX-MxUPN _bspa |
||
| 041 | 1 |
_aspa _heng |
|
| 050 | 4 |
_aQA141.3 _bM57 2009 |
|
| 245 | 0 | 0 | _aMis primeros números. |
| 260 |
_aLondres : _bUsborne, _cc2009. |
||
| 300 |
_a[12] páginas : _bilustraciones a color |
||
| 650 | 4 |
_aNumeración _vLiteratura infantil _924354 |
|
| 902 | _bVíctorGodínez/060324 | ||
| 942 |
_2lcc _cLIBRO |
||
| 999 |
_c200897 _d200897 |
||